Central Bank Policy Mix: Issues, Challenges, and Responses: Handbook of Central Banking Studies (Record no. 3212)

MARC details
005 - DATE AND TIME OF LATEST TRANSACTION
control field 20250605115405.0
020 ## - INTERNATIONAL STANDARD BOOK NUMBER
International Standard Book Number 9 78981166826
082 ## - DEWEY DECIMAL CLASSIFICATION NUMBER
Classification number 332.1 CEN
245 ## - TITLE STATEMENT
Title Central Bank Policy Mix: Issues, Challenges, and Responses: Handbook of Central Banking Studies
260 ## - PUBLICATION, DISTRIBUTION, ETC.
Place of publication, distribution, etc. Switzerland,
Name of publisher, distributor, etc. Springer,
Date of publication, distribution, etc. 2022.
300 ## - PHYSICAL DESCRIPTION
Extent xix,184p.; ill.; figures
Other physical details Index.
Dimensions 23cm
700 ## - ADDED ENTRY--PERSONAL NAME
Other authors/Editors WARJIYO, P.
942 ## - ADDED ENTRY ELEMENTS (KOHA)
Source of classification or shelving scheme Dewey Decimal Classification
Koha item type Books
Holdings
Date last seen Total checkouts Full call number Barcode Cost, replacement price Price effective from Koha item type Lost status Source of classification or shelving scheme Damaged status Not for loan Withdrawn status Home library Current library Shelving location Date acquired Cost, normal purchase price
06/05/2025   332.2 CEN DOM00058 290232.00 06/05/2025 Books   Dewey Decimal Classification       CBE Dodoma CBE Dodoma Special Reserve Collection 03/12/2025 96744.00